000 00671nam a2200181 i 4500
001 127928
003 ES-MaACL
005 20230906193124.0
007 t|
008 070214s1925 sp r ||||1| spa d
100 1 _aRioja Lo Bianco, Enrique.
_997350
245 1 3 _aLa vida en el mar
_b: primera parte, la vida de los animales de la costa /
_cEnrique Rioja.
260 _aMadrid :
_bJunta para Ampliación de Estudios e Investigaciones Científicas,
_c1925.
300 _aX, 158 p., 3 lám. :
_bil. ;
_c20 cm.
650 4 _aFauna costera.
_9165476
710 2 _aJunta para la Ampliación de Estudios e Investigaciones Científicas.
_95413
852 _aES-MaACL
_jB-13222
999 _c127928
_d127928